[Event "Speed Chess GP3"]
[Site "Chess.com INT"]
[Date "2021.10.02"]
[Round "4"]
[White "Sava, Christiansen"]
[Black "Estrada Nieto, Julian"]
[Result "0-1"]
[WhiteElo "2004"]
[BlackElo "2280"]
[PlyCount "42"]
[EventDate "2021.10.02"]
[EventType "swiss (blitz)"]
[EventRounds "10"]
[EventCountry "USA"]
[SourceTitle "CBM 204 Extra"]
[Source "ChessBase"]
[SourceDate "2021.11.30"]
[SourceVersion "1"]
[SourceVersionDate "2021.11.30"]
[SourceQuality "1"]

1. e4 e5 2. Nf3 Nc6 3. Bc4 Bc5 4. c3 d6 5. d4 exd4 6. cxd4 Bb6 7. 0-0 Nf6 8. Nc3 0-0 9. h3 Nxe4 10. Nxe4 d5 11. Bd3 dxe4 12. Bxe4 Nxd4 13. Bxh7+ Kxh7 14. Ng5+ Kg8 15. Qh5 Bf5 16. Be3 Qf6 17. Rfd1 Rfd8 18. Nf3 Nxf3+ 19. Qxf3 Qg6 20. Qxb7 Be4 21. Rxd8+ Rxd8 0-1